| 000 | 00610nam a22001817a 4500 | ||
|---|---|---|---|
| 003 | DO-SdBNP | ||
| 005 | 20221025152300.0 | ||
| 007 | ta | ||
| 008 | 221025b2012 dr c|||| |||| 00| 0 spa d | ||
| 040 |
_aDO-SdBNP _bspa _cBNPHU |
||
| 082 | 4 | _222 | |
| 245 | 0 | 0 |
_aPrograma : _bconmemoración del día de la fuerzas armadas y del 196 aniversario del natalicio del orócer general de división Ramón Matías Mella y Castillo |
| 260 |
_aSanto Domingo : _bMinisterio de la Fuerzas armadas, _c2012. |
||
| 300 |
_a12 p. : _bretrs. ; _c21 cm. |
||
| 590 | _aInventariado, 2022/BT | ||
| 910 | _aBtavárez | ||
| 942 |
_2ddc _cLBS1 |
||
| 999 |
_c52643 _d52643 |
||